000
00308nam a22001457a 4500
008
210312b ||||| |||| 00| 0 eng d
020
_a
0881620696
041
_a
eng
080
_a
7
082
_a
7
100
_a
44
101
_a
ART
245
_a
Jane Asher's Fancy Dress
_c
SALEM HOUSE
942
_2
udc
_c
BK
999
_c
56514
_d
56514